|
|
|
|
| LEADER |
01544nam a2200373 i 4500 |
| 001 |
EBC5704328 |
| 003 |
MiAaPQ |
| 005 |
20200520144314.0 |
| 006 |
m o d | |
| 007 |
cr cnu|||||||| |
| 008 |
190311s2019 gw o 000 0 ger d |
| 020 |
|
|
|z 9783737606486
|
| 020 |
|
|
|a 9783737606493 (e-book)
|
| 035 |
|
|
|a (MiAaPQ)EBC5704328
|
| 035 |
|
|
|a (Au-PeEL)EBL5704328
|
| 035 |
|
|
|a (OCoLC)1088332236
|
| 040 |
|
|
|a MiAaPQ
|b eng
|e rda
|e pn
|c MiAaPQ
|d MiAaPQ
|
| 043 |
|
|
|a e-gx---
|
| 050 |
|
4 |
|a DD78.K87
|b .K873 2019
|
| 082 |
0 |
|
|a 305.89159
|2 23
|
| 245 |
0 |
0 |
|a Kurdische Migrant_innen in Deutschland :
|b Lebenswelten - Identitat - politische Partizipation /
|c Kenan Engin (Hrsg.).
|
| 264 |
|
1 |
|a Kassel :
|b Kassel University Press,
|c 2019.
|
| 300 |
|
|
|a 1 online resource (204 pages)
|
| 336 |
|
|
|a text
|b txt
|2 rdacontent
|
| 337 |
|
|
|a computer
|b c
|2 rdamedia
|
| 338 |
|
|
|a online resource
|b cr
|2 rdacarrier
|
| 588 |
|
|
|a Description based on print version record.
|
| 590 |
|
|
|a Electronic reproduction. Ann Arbor, MI : ProQuest, 2018. Available via World Wide Web. Access may be limited to ProQuest affiliated libraries.
|
| 650 |
|
0 |
|a Kurds
|z Germany.
|
| 655 |
|
4 |
|a Electronic books.
|
| 700 |
1 |
|
|a Engin, Kenan,
|e editor.
|
| 776 |
0 |
8 |
|i Print version:
|t Kurdische Migrant_innen in Deutschland : Lebenswelten - Identitat - politische Partizipation.
|d Kassel : Kassel University Press, 2019
|h 204 pages
|z 9783737606486
|
| 797 |
2 |
|
|a ProQuest (Firm)
|
| 856 |
4 |
0 |
|u https://ebookcentral.proquest.com/lib/matrademy/detail.action?docID=5704328
|z Click to View
|